000 00882cam a22002894a 4500
999 _c5947
_d5947
001 199885
003 GZU
005 20210414120539.0
008 990713s2000 nhua b 001 0 eng
010 _a 99039247
020 _a157808069X
035 _a(DLC) 99039247
040 _aDLC
_cDLC
_dDLC
042 _apcc
050 0 0 _aSB611
_b.RAO 2000
100 1 _aRao, V. S.
_q(Vallurupalli Sivaji),
_d1940-
_eauthor
245 1 0 _aPrinciples of weed science :
_b(a reference-cum-textbook) /
_cV.S. Rao.
250 _a2nd ed.
260 _aEnfield, N.H. :
_bScience Publishers,
_cc2000.
300 _aviii, 555 p. :
_bill. ;
_c24 cm.
504 _aIncludes bibliographical references and indexes.
650 0 _aWeeds
_xControl.
650 0 _aHerbicides.
906 _a7
_bcbc
_corignew
_d1
_eocip
_f19
_gy-gencatlg
942 _2lcc
_cBK
_eSecond edition
_h611
_iRAO
_kSB